00671 2200265 4500001002100000005001700021008004100038020001800079035002400097082001200121090001900133100001700152245004500169250001600214260003000230300002200260500003100282650001400313850001600327980001300343985000600356986001300362999001500375999001500390YOGYA-0209000001575920090227022551.0 ind  a979-499-034-5 0010-020900000015759 a347.016 a347.016bWla C aWLAS, Lasdin aCakrawala advokat IndonesiacLasdin Wlas aEd.1, cet.1 aYogyakartabLibertyc1989 ax, 152 hlmc21 cm aBibliografi : hlm. 149-152 aPengacara aYOPDYOG (B) a19-09-05 a2 afwhrtrev a94P0047900 a96P0089323